Statistics for Top Ten Richest Rappers 2013

Click here to take the quiz!

General Stats

  • This quiz has been taken 1,010 times
  • The average score is 6 of 10

Answer Stats

# Song or album Answer % Correct
6.RecoveryEminem
87%
10.The College DropoutKanye West
85%
7.DoggystyleSnoop Dogg
83%
2.Reasonable DoubtJay-Z
79%
4.Get Rich or Die Tryin'50 Cent
78%
3.Let Me RideDr. Dre
61%
9.Go D.JLil Wayne
55%
1.Last Train to ParisP. Diddy
42%
8.I Am the WestIce Cube
33%
5.Pricele$$Birdman
18%

Score Distribution

Percentile by Number Answered

Percent of People with Each Score

Your Score History

You have not taken this quiz